[Event "CZE-chT2E 1920"]
[Site "Czech Republic"]
[Date "2020.02.09"]
[Round "8.6"]
[White "Belik, Dalibor"]
[Black "Messerschmidt, Stanislav"]
[Result "1-0"]
[WhiteElo "2232"]
[BlackElo "2015"]
[PlyCount "48"]
[EventDate "2019.10.13"]
[EventType "team-tourn"]
[EventRounds "11"]
[EventCountry "CZE"]
[SourceTitle "EXT 2024"]
[Source "ChessBase"]
[SourceDate "2023.10.10"]
[SourceVersion "1"]
[SourceVersionDate "2023.10.10"]
[SourceQuality "1"]
[WhiteTeam "Lipovec Garde"]
[BlackTeam "Orechov Orel"]
[WhiteTeamCountry "CZE"]
[BlackTeamCountry "CZE"]

1. e4 g6 2. d4 Bg7 3. h4 h5 4. c4 d6 5. Ne2 c5 6. d5 Bg4 7. f3 Bd7 8. Nec3 Nh6 9. Be3 Be5 10. Bd3 Bg3+ 11. Kf1 f5 12. Bxh6 Rxh6 13. Qd2 Rh8 14. Qg5 Be5 15. Qxg6+ Kf8 16. g3 Na6 17. Nd2 Nb4 18. Bb1 Qa5 19. Qg5 b5 20. cxb5 Bxb5+ 21. Kg2 Bd7 22. Nc4 Qa6 23. Nxe5 dxe5 24. exf5 Nd3 1-0

[Event "CZE-chT2E 1920"]
[Site "Czech Republic"]
[Date "2019.12.15"]
[Round "5.5"]
[White "Belik, Dalibor"]
[Black "Pise, Jan"]
[Result "1-0"]
[WhiteElo "2232"]
[BlackElo "2030"]
[PlyCount "29"]
[EventDate "2019.10.13"]
[EventType "team-tourn"]
[EventRounds "11"]
[EventCountry "CZE"]
[SourceTitle "EXT 2024"]
[Source "ChessBase"]
[SourceDate "2023.10.10"]
[SourceVersion "1"]
[SourceVersionDate "2023.10.10"]
[SourceQuality "1"]
[WhiteTeam "Lipovec Garde"]
[BlackTeam "Adamov"]
[WhiteTeamCountry "CZE"]
[BlackTeamCountry "CZE"]

1. e4 c6 2. d4 d5 3. Nd2 Nf6 4. e5 Ng8 5. Bd3 Qc7 6. Qe2 c5 7. dxc5 Qxc5 8. Nb3 Qc7 9. f4 Nc6 10. Bd2 a5 11. a4 e6 12. c3 Bd7 13. Nf3 Nge7 14. Nbd4 g6 15. Nb5 1-0

[Event "CZE-chT2E 1718"]
[Site "Czech Republic"]
[Date "2018.01.14"]
[Round "6.4"]
[White "Belik, Dalibor"]
[Black "Stachon, Martin"]
[Result "1/2-1/2"]
[WhiteElo "2255"]
[BlackElo "2163"]
[PlyCount "79"]
[EventDate "2017.10.15"]
[EventType "team-tourn"]
[EventRounds "11"]
[EventCountry "CZE"]
[SourceTitle "EXT 2022"]
[Source "ChessBase"]
[SourceDate "2021.10.06"]
[SourceVersion "1"]
[SourceVersionDate "2021.10.06"]
[SourceQuality "1"]
[WhiteTeam "Lipovec Garde"]
[BlackTeam "Kromeriz Slavia II"]
[WhiteTeamCountry "CZE"]
[BlackTeamCountry "CZE"]

1. e4 c5 2. Nf3 e6 3. c3 d5 4. exd5 exd5 5. d4 Nf6 6. Bb5+ Bd7 7. Qe2+ Be7 8. dxc5 0-0 9. Bxd7 Nbxd7 10. 0-0 Re8 11. Qc2 Nxc5 12. Be3 Rc8 13. Nbd2 a6 14. Nb3 Nce4 15. h3 b5 16. Qd3 Qc7 17. Rfd1 Bf8 18. Nfd4 Nd7 19. Nc2 Ne5 20. Qxd5 Nc4 21. Rab1 Nxb2 22. Rxb2 Nxc3 23. Qf3 Na4 24. Rdb1 Nxb2 25. Rxb2 Qc3 26. Bd4 Qxf3 27. gxf3 Rc4 28. Ne3 Ra4 29. Rc2 Rd8 30. Be5 f6 31. Bg3 Kf7 32. Kg2 Kg6 33. f4 Rd3 34. Nc1 Rd7 35. f5+ Kf7 36. Ne2 g5 37. Kf3 h5 38. Nc3 Rad4 39. Ne4 Be7 40. Bc7 1/2-1/2

[Event "CZE-chT2E 1617"]
[Site "Czech Republic"]
[Date "2017.01.29"]
[Round "7.4"]
[White "Belik, Dalibor"]
[Black "Rozumek, Vlastimil"]
[Result "1-0"]
[WhiteElo "2261"]
[BlackElo "2062"]
[PlyCount "119"]
[EventDate "2016.09.10"]
[EventType "team-tourn"]
[EventRounds "11"]
[EventCountry "CZE"]
[SourceTitle "EXT 2022"]
[Source "ChessBase"]
[SourceDate "2021.10.06"]
[SourceVersion "1"]
[SourceVersionDate "2021.10.06"]
[SourceQuality "1"]
[WhiteTeam "Lipovec Garde"]
[BlackTeam "Vyskov"]
[WhiteTeamCountry "CZE"]
[BlackTeamCountry "CZE"]

1. e4 d6 2. d4 Nf6 3. Nc3 c6 4. Be2 Qa5 5. f3 e5 6. Be3 Be7 7. Qd2 0-0 8. 0-0-0 exd4 9. Bxd4 b5 10. a3 Nbd7 11. Kb1 Re8 12. Nd5 Qxd2 13. Nxe7+ Rxe7 14. Rxd2 d5 15. exd5 Nxd5 16. Nh3 N7b6 17. Ng5 Bf5 18. g4 Bg6 19. Bc5 Ree8 20. Rhd1 Nc4 21. Bxc4 bxc4 22. Bd4 Rab8 23. Kc1 Rb7 24. Nh3 f6 25. Rf2 Reb8 26. f4 c3 27. b3 Be4 28. Re1 f5 29. Ng5 Bxc2 30. Kxc2 Rxb3 31. Re8+ Rxe8 32. Kxb3 fxg4 33. Be5 Re7 34. Ne4 Nxf4 35. Bxf4 Rxe4 36. Kxc3 h6 37. Bb8 a5 38. Bd6 Re3+ 39. Kd4 Re6 40. Kc5 g5 41. Kxc6 Kg7 42. Rf5 a4 43. Ra5 Re4 44. Kd5 Re2 45. Rxa4 h5 46. Re4 Rd2+ 47. Rd4 Ra2 48. Ke6 Kg6 49. a4 Re2+ 50. Be5 Ra2 51. Bc7 Rc2 52. Kd7 Kf5 53. a5 h4 54. a6 g3 55. hxg3 hxg3 56. Bxg3 Ra2 57. Rd6 Kg4 58. Be1 Kf3 59. Rf6+ Ke2 60. Rf2+ 1-0

[Event "CZE-chT2E 1516"]
[Site "Czech Republic"]
[Date "2016.03.13"]
[Round "9.4"]
[White "Belik, Dalibor"]
[Black "Kratochvil, Karel"]
[Result "1/2-1/2"]
[WhiteElo "2277"]
[BlackElo "2179"]
[PlyCount "20"]
[EventDate "2015.10.18"]
[EventType "team-tourn"]
[EventRounds "11"]
[EventCountry "CZE"]
[SourceTitle "EXT 2022"]
[Source "ChessBase"]
[SourceDate "2021.10.06"]
[SourceVersion "1"]
[SourceVersionDate "2021.10.06"]
[SourceQuality "1"]
[WhiteTeam "Lipovec Garde"]
[BlackTeam "Brno Lokomotiva II"]
[WhiteTeamCountry "CZE"]
[BlackTeamCountry "CZE"]

1. e4 e5 2. Nf3 Nf6 3. Nc3 Nc6 4. Bc4 Bb4 5. d3 0-0 6. Bg5 d6 7. 0-0 Bxc3 8. bxc3 Qe7 9. Nh4 Be6 10. Nf5 Bxf5 1/2-1/2

[Event "CZE-chT2E 1415"]
[Site "Czech Republic"]
[Date "2015.02.22"]
[Round "8.3"]
[White "Belik, Dalibor"]
[Black "Stachon, Martin"]
[Result "1/2-1/2"]
[WhiteElo "2310"]
[BlackElo "2152"]
[PlyCount "23"]
[EventDate "2014.11.02"]
[EventType "team-tourn"]
[EventRounds "11"]
[EventCountry "CZE"]
[SourceTitle "EXT 2022"]
[Source "ChessBase"]
[SourceDate "2021.10.06"]
[SourceVersion "1"]
[SourceVersionDate "2021.10.06"]
[SourceQuality "1"]
[WhiteTeam "Lipovec Garde"]
[BlackTeam "Kromeriz Slavia II"]
[WhiteTeamCountry "CZE"]
[BlackTeamCountry "CZE"]

1. e4 c5 2. Nf3 e6 3. d4 cxd4 4. Nxd4 a6 5. c4 Nf6 6. Bd3 Nc6 7. Nxc6 dxc6 8. 0-0 e5 9. Nc3 Bc5 10. Bg5 h6 11. Bh4 0-0 12. h3 1/2-1/2

[Event "Oberliga Baden 9596"]
[Site "Germany"]
[Date "1995.11.05"]
[Round "2.2"]
[White "Preiss, Martin"]
[Black "Belik, Dalibor"]
[Result "1/2-1/2"]
[WhiteElo "2275"]
[BlackElo "2335"]
[PlyCount "90"]
[EventDate "1995.10.??"]
[EventType "team"]
[EventRounds "9"]
[EventCountry "GER"]
[SourceTitle "EXT 2001"]
[Source "ChessBase"]
[SourceDate "2000.11.22"]
[SourceVersion "1"]
[SourceVersionDate "2000.11.22"]
[SourceQuality "1"]
[WhiteTeam "Karlsruhe II"]
[BlackTeam "Untergrombach"]
[WhiteTeamCountry "GER"]
[BlackTeamCountry "GER"]

1. c4 c5 2. g3 g6 3. Bg2 Bg7 4. Nc3 Nf6 5. Nf3 0-0 6. d4 cxd4 7. Nxd4 Nc6 8. 0-0 Nxd4 9. Qxd4 d6 10. Qd3 a6 11. Be3 Be6 12. Qd2 Qc7 13. Rac1 Bd7 14. Bd4 Bc6 15. Nd5 Bxd5 16. cxd5 Qd7 17. Rc2 Rfc8 18. Rfc1 Ne8 19. Bxg7 Kxg7 20. h4 h6 21. Qe3 Rxc2 22. Rxc2 Qf5 23. Qc3+ Kh7 24. e4 Qg4 25. Bf3 Qd7 26. Kh2 Rd8 27. Bg2 Nf6 28. Bh3 Nxe4 29. Qf3 f5 30. g4 Nf6 31. gxf5 g5 32. hxg5 hxg5 33. Re2 Rg8 34. Bg4 Kg7 35. Kg2 Rh8 36. Qc3 Kf8 37. f3 Rh4 38. Kg3 Kf7 39. Qd3 Qa4 40. Qe3 Rxg4+ 41. fxg4 Qxg4+ 42. Kh2 Qh5+ 43. Kg1 Qg4+ 44. Kh1 Qh5+ 45. Kg1 Qg4+ 1/2-1/2

[Event "CZE-chT1c 9495"]
[Site "Czech Republic"]
[Date "1995.??.??"]
[Round "5"]
[White "Zpevak, Pavel"]
[Black "Belik, Dalibor"]
[Result "1-0"]
[WhiteElo "2355"]
[BlackElo "2330"]
[PlyCount "71"]
[EventDate "1994.??.??"]
[EventType "team"]
[EventRounds "11"]
[EventCountry "CZE"]
[SourceTitle "EXT 1998"]
[Source "ChessBase"]
[SourceDate "1997.11.17"]
[SourceVersion "1"]
[SourceVersionDate "1997.11.17"]
[SourceQuality "1"]

1. d4 Nf6 2. Nf3 e6 3. Bf4 c5 4. c3 b6 5. e3 Be7 6. Bd3 Nc6 7. h3 cxd4 8. exd4 Bb7 9. Nbd2 d5 10. Qe2 h6 11. Ne5 Nxe5 12. Bxe5 0-0 13. 0-0 Bd6 14. f4 g6 15. Rf3 Ne8 16. Rg3 Ng7 17. Qg4 h5 18. Qe2 h4 19. Rg4 Be7 20. Bxg7 Kxg7 21. f5 exf5 22. Bxf5 Rh8 23. Rf1 Qd6 24. Nf3 Rh6 25. Ne5 Rf8 26. Qf2 Ba6 27. Re1 Bd8 28. Qf4 Bc7 29. Re3 Qf6 30. Qf2 Rh5 31. Rf3 Qd6 32. Bxg6 fxg6 33. Rf7+ Kg8 34. Rxf8+ Qxf8 35. Rxg6+ Qg7 36. Qf7+ 1-0

[Event "Oberliga Baden 9394"]
[Site "Germany"]
[Date "1994.01.16"]
[Round "5.4"]
[White "Belik, Dalibor"]
[Black "Schmid, Michael"]
[Result "1/2-1/2"]
[WhiteElo "2325"]
[BlackElo "2280"]
[PlyCount "107"]
[EventDate "1993.10.??"]
[EventType "team"]
[EventRounds "9"]
[EventCountry "GER"]
[SourceTitle "EXT 2004"]
[Source "ChessBase"]
[SourceDate "2003.11.25"]
[SourceVersion "1"]
[SourceVersionDate "2003.11.25"]
[SourceQuality "1"]
[WhiteTeam "Untergrombach"]
[BlackTeam "Konstanz"]
[WhiteTeamCountry "GER"]
[BlackTeamCountry "GER"]

1. e4 e6 2. d4 d5 3. Nd2 Nf6 4. Bd3 c5 5. dxc5 dxe4 6. Bxe4 Bxc5 7. Bf3 0-0 8. Ne2 Qc7 9. 0-0 Bd7 10. Nc4 Bc6 11. Bf4 Qc8 12. Bxc6 Nxc6 13. Nd6 Bxd6 14. Qxd6 Rd8 15. Qa3 Nd5 16. Bg5 f6 17. Bd2 Ne5 18. Qb3 Qc4 19. Ng3 Rac8 20. Rac1 Rd7 21. Qa3 Qd4 22. Be3 Nxe3 23. fxe3 Qb6 24. Qb3 Nc4 25. Qxb6 axb6 26. b3 Nxe3 27. Rfe1 Rxc2 28. Rxc2 Nxc2 29. Rxe6 Nb4 30. Rxb6 Nxa2 31. Ne4 Rc7 32. h3 Nc1 33. b4 Nd3 34. Nd6 Rc1+ 35. Kh2 Rc6 36. Rxc6 bxc6 37. b5 cxb5 38. Nxb5 Kf7 39. Nd4 g6 40. g3 Nc5 41. Kg2 Ne6 42. Nc6 Ke8 43. Nb4 Kd7 44. Nd5 f5 45. Nf6+ Ke7 46. Nxh7 Kf7 47. h4 Kg7 48. Ng5 Nxg5 49. hxg5 Kf7 50. g4 Ke6 51. gxf5+ Kxf5 52. Kf2 Kxg5 53. Kg3 Kf5 54. Kf3 1/2-1/2

[Event "Brno-C"]
[Site "Brno"]
[Date "1993.??.??"]
[Round "?"]
[White "Belik, Dalibor"]
[Black "Meissner, Bernd"]
[Result "0-1"]
[WhiteElo "2325"]
[BlackElo "2285"]
[PlyCount "124"]
[EventDate "1993.08.??"]
[EventType "tourn"]
[EventRounds "9"]
[EventCountry "CZE"]
[EventCategory "4"]
[SourceTitle "EXT 1998"]
[Source "ChessBase"]
[SourceDate "1997.11.17"]
[SourceVersion "1"]
[SourceVersionDate "1997.11.17"]
[SourceQuality "1"]

1. e4 c5 2. Nf3 e6 3. c3 Nf6 4. e5 Nd5 5. d4 cxd4 6. Qxd4 Nc6 7. Qe4 f5 8. exf6 Nxf6 9. Qh4 e5 10. Bb5 d6 11. 0-0 Be7 12. Rd1 Qc7 13. Bg5 Be6 14. Nbd2 0-0 15. Bd3 Rf7 16. c4 h6 17. Bxf6 Rxf6 18. Qe4 Bf5 19. Qe3 Bg4 20. h3 Bh5 21. Rdc1 Raf8 22. Be4 Qd7 23. Qd3 Bd8 24. c5 Qe7 25. Bd5+ Kh8 26. Ne4 Nb4 27. Qb3 Nxd5 28. Qxd5 Bxf3 29. gxf3 Rg6+ 30. Ng3 dxc5 31. Kg2 b6 32. Re1 Bc7 33. Rad1 Qf7 34. Qb7 b5 35. Re3 a6 36. Red3 e4 37. Qxe4 Bxg3 38. fxg3 Re6 39. Rd7 Qf6 40. Qd3 Qxb2+ 41. Rd2 Qf6 42. f4 c4 43. Qf3 Rfe8 44. h4 c3 45. Rc2 b4 46. Rb7 Qf5 47. Rf2 Re3 48. Rb8 Rxf3 49. Rxe8+ Kh7 50. Rxf3 Qd5 51. Re2 a5 52. g4 Qd1 53. Rff2 a4 54. f5 Qd5+ 55. Kg3 b3 56. axb3 axb3 57. g5 Qd6+ 58. Kg4 hxg5 59. hxg5 Qb4+ 60. Rf4 Qb8 61. Rfe4 b2 62. Kh5 Qf8 0-1

[Event "Brno-C"]
[Site "Brno"]
[Date "1993.??.??"]
[Round "?"]
[White "Guenthner, Oliver"]
[Black "Belik, Dalibor"]
[Result "1/2-1/2"]
[WhiteElo "2260"]
[BlackElo "2325"]
[PlyCount "129"]
[EventDate "1993.08.??"]
[EventType "tourn"]
[EventRounds "9"]
[EventCountry "CZE"]
[EventCategory "4"]
[SourceTitle "EXT 1998"]
[Source "ChessBase"]
[SourceDate "1997.11.17"]
[SourceVersion "1"]
[SourceVersionDate "1997.11.17"]
[SourceQuality "1"]

1. Nf3 Nf6 2. g3 d5 3. Bg2 c6 4. c4 d4 5. d3 g6 6. 0-0 Bg7 7. Na3 c5 8. Nc2 Nc6 9. Rb1 a5 10. b3 0-0 11. a3 e5 12. b4 Nd7 13. Ng5 Bf6 14. Ne4 Be7 15. b5 Ncb8 16. f4 f5 17. Nf2 Ra7 18. e3 b6 19. Re1 exf4 20. gxf4 Nf6 21. Bb2 dxe3 22. Nxe3 Bb7 23. d4 Bxg2 24. Kxg2 Rd7 25. d5 Nh5 26. Qf3 Bd6 27. Nd3 Nxf4+ 28. Nxf4 Qg5+ 29. Kh1 Qxf4 30. Qxf4 Bxf4 31. Ng2 Bc7 32. Nh4 Rdd8 33. Re7 Rf7 34. Re6 Nd7 35. Rc6 Be5 36. Re6 Bxb2 37. Rxb2 Rf6 38. Rbe2 Rxe6 39. Rxe6 Kf7 40. Nf3 h6 41. Nh4 Re8 42. Rxg6 Re4 43. Rxh6 Rxc4 44. Rh7+ Kf6 45. Nxf5 Kxf5 46. Rxd7 Rc3 47. Rb7 Ke5 48. Rxb6 Kxd5 49. Kg2 Rxa3 50. h4 Kc4 51. Rb8 Re3 52. b6 Kb5 53. h5 Re6 54. b7 Re7 55. Kf3 c4 56. h6 c3 57. Rc8 Rxb7 58. Rxc3 Rh7 59. Ke2 Rxh6 60. Kd2 Kb4 61. Rg3 Rc6 62. Rg8 Rc4 63. Rb8+ Ka3 64. Rb5 a4 65. Kd3 1/2-1/2